000 00606nam a2200193 i 4500
001 85132
003 ES-MaACL
005 20230906175204.0
007 t|
008 041125s1969 sp ||||1| spa d
100 1 _aJoubert, Georges.
_967015
245 1 0 _aCómo perfeccionar el esquí /
_cGeorges Joubert, Jean Vuarnet ; [traducción por Francisco E. Berlada].
250 _a[1ª ed.].
260 _aBarcelona :
_bBlume,
_c[1969]
300 _a208 p., 16 lám. :
_bil. ;
_c22 cm.
700 1 _aVuarnet, Jean.
_9115770
700 1 _aBerlada, Francisco E.
_928049
852 _aES-MaACL
_jC-47861
_bR.72824
999 _c85132
_d85132